000 00635nam a22002057a 4500
005 20251108172957.0
008 250721s2005 xx 000 0 ara d
020 _a9957021699
082 1 4 _a811.9565/ منا
100 1 _aالمناصرة، عزالدين
_eمؤلف
245 1 0 _aمذكرات البحر الميت : قصائد نثرية رعوية /
250 _aط 2 .
264 1 _aعمان :
_bدارمجدلاوي للنشر و التوزيع،
_c2005.
300 _a151ص.
650 1 7 _aالشعر العربي
650 1 7 _aالأدب العربي
650 1 7 _aالأردن
942 _2ddc
_cBK
999 _c93220
_d93220